000 01260cam a22003857a 4500
003 CHAP
005 20220817043459.0
008 981007d1996 it r 11 fre d
010 _a76363
011 _a77335
020 _a9252035826
035 _a86939
040 _cCHAP
082 0 4 _a630
_bF23f v.112/1
110 2 _aFAO
245 1 0 _aMatériel d'application des pesticides à usage agricole :
_bvolumen 1 Matériel porté manuellement
_c/par G. A. Matthews et E. W. Thornhill
260 _aRome :
_bFAO,
_c1996.
300 _a138 p. :
_bilus.
410 2 _aFAO
490 0 _aFAO. Servicios agrícolas
_v; 112/1
590 _aBATCH-UPD
_b10
_c20130110
_lUCH01
_h0657
590 _aBATCH-UPD
_b10
_c20130410
_lUCH01
_h0342
590 _aBATCH-UPD
_b10
_c20130914
_lUCH01
_h1345
590 _aCONVERSION
_b10
_c20130109
_lUCH01
_h1342
650 1 4 _aPesticidas
_xAplicación.
_987539
650 1 4 _aPesticidas
_xMedidas de Seguridad.
_987564
700 0 _aMatthews, G. A.
_973077
700 0 _aThornhill, E. W.
_9112974
810 0 _aFAO
830 0 0 _aFAO. Servicios agrícolas
_v; 112/1
_939697
901 _aBK
905 _aLilia Sánchez G.
942 _cLIBRO
949 _a630 F23f v.112/1
_bBC
_cFAO
_d33724000708038
_eFAO1
_h94405
_i86939
_kDonaciØn
_sb
999 _c76363
_d76363